000 00692nam a2200253Ia 4500
003 OSt
005 20220912151544.0
006 a|||||r|||| 00| 0
007 ta
008 220909b |||||||| |||| 00| 0 eng d
024 _a59755
037 _cTextual
040 _aCSL
_beng
_cCSL
041 _aeng
082 _aL73:3, M0
100 _aDesmedt J E
245 0 _aSpinal and supraspinal mechanisms of voluntary motor control and locomotion
260 _aBasel,
_bNew York Karger
_c1980
300 _a373p.
_ccm.
490 _aProgress in clinical neurophysiology; 8
650 _aSpinal cord
942 _hL73:3, M0
_cTEXL
_2CC
999 _c71239
_d71239